Tangisan bulan madu

Bibliographic Details
Main Author: Samsiah Mohd Nor
Other Authors: Zainal Buang Hussien
Format: Book
Published: Kuala Lumpur : Creative Enterprise , 1994
Series:Novel creative
Subjects:

MARC

LEADER 00000cam a2200000 7i4500
001 0000006401
002 000006910
005 20010731.0
020 |a 9679987949 
090 0 0 |a F   |b SAM 
100 0 |a Samsiah Mohd Nor 
245 1 0 |a Tangisan bulan madu   |c Samsiah Mohd. Nor 
260 |a Kuala Lumpur :   |b Creative Enterprise ,   |c 1994 
300 |a 182p. ;   |c 19cm. 
490 0 |a Novel creative 
650 0 0 |a Love stories 
650 0 0 |a Malay fiction 
700 0 |a Zainal Buang Hussien 
999 |a 039437   |b BUKU   |c PINJAMAN   |e PERPUSTAKAAN KOMUNITI PETALING JAYA 
999 |a 039438   |b BUKU   |c PINJAMAN   |e PERPUSTAKAAN KOMUNITI CAW KOTA DAMANSARA 
999 |a 044723   |b BUKU   |c FICTION   |e PERPUSTAKAAN KOMUNITI CAW KOTA DAMANSARA 
999 |a 044725   |b BUKU   |c FICTION   |e PERPUSTAKAAN KOMUNITI CAW KOTA DAMANSARA